| 000 | 00793cam a22002653a 4500 | ||
|---|---|---|---|
| 001 | 20802 | ||
| 003 | PGUSA | ||
| 005 | 20140828083437.0 | ||
| 008 | 070312s2007||||xxu|||||s|||||000 1 eng d | ||
| 040 |
_aPGUSA _beng |
||
| 042 | _adc | ||
| 050 | 4 | _aPS | |
| 100 | 1 |
_aBurroughs, Edgar Rice, _d1875-1950 |
|
| 245 | 1 | 0 |
_aĈe la koro de la tero _h[electronic resource] / _cEdgar Rice Burroughs |
| 260 |
_bProject Gutenberg, _c2007 |
||
| 506 | _aCopyrighted. Read the copyright notice inside this book for details. | ||
| 516 | _aElectronic text | ||
| 653 | _aScience fiction | ||
| 653 | _aAdventure stories | ||
| 653 | _aEarth (Planet) -- Core -- Fiction | ||
| 700 | 1 | _aMickle, Gary | |
| 830 | 0 |
_aProject Gutenberg _v20802 |
|
| 856 | 4 | 0 | _uhttp://www.gutenberg.org/ebooks/20802 |
| 942 | _cEB | ||
| 999 |
_c250057 _d250057 |
||